000 00308nam a22001457a 4500
003 SGT
020 _a93-5497-138-5
082 _a648
_bRAG
100 _aRAGHUBALAN, G.
245 _aHOTEL HOUSEKEEPING
260 _aINDIA
_bOXFORD
_c2023
300 _a851
650 _aHOUSEKEEPING
942 _2ddc
_cBK
_03
999 _c25722
_d25722